Geografí Universal : (Registro nro. 49361)
[ vista simple ]
| 000 -CABECERA | |
|---|---|
| campo de control de longitud fija | 01594nam a22001937a 4500 |
| 003 - IDENTIFICADOR DEL NÚMERO DE CONTROL | |
| campo de control | OSt |
| 005 - FECHA Y HORA DE LA ÚLTIMA TRANSACCIÓN | |
| campo de control | 20210211102650.0 |
| 007 - CAMPO FIJO DE DESCRIPCIÓN FÍSICA--INFORMACIÓN GENERAL | |
| campo de control de longitud fija | ta |
| 008 - DATOS DE LONGITUD FIJA--INFORMACIÓN GENERAL | |
| campo de control de longitud fija | 210211b1969 dr abd|jrp||| 001 0 eng d |
| 040 ## - FUENTE DE LA CATALOGACIÓN | |
| Centro catalogador/agencia de origen | DO-SdBNP |
| Lengua de catalogación | spa |
| Centro/agencia transcriptor | BNPHU |
| 082 ## - NÚMERO DE LA CLASIFICACIÓN DECIMAL DEWEY | |
| Número de clasificación | BNPHU-xx |
| Número de documento/Ítem | R231g |
| 100 1# - ENTRADA PRINCIPAL--NOMBRE DE PERSONA | |
| Nombre de persona | Rastrilla Pérez , Juan |
| 9 (RLIN) | 77747 |
| 245 ## - MENCIÓN DE TÍTULO | |
| Título | Geografí Universal : |
| Resto del título | 1er. año. / |
| Mención de responsabilidad, etc. | Antonio M. Zubia y Henríquez García Ruiz ; Estela Tiburcio de Concepción , adaptador. |
| 260 ## - PUBLICACIÓN, DISTRIBUCIÓN, ETC. | |
| Lugar de publicación, distribución, etc. | Santo Domingo : |
| Nombre del editor, distribuidor, etc. | DISESA , |
| Fecha de publicación, distribución, etc. | 1969 |
| 300 ## - DESCRIPCIÓN FÍSICA | |
| Extensión | 310 pg. |
| Otras características físicas | il., mapa , gráficos ; |
| Dimensiones | 22 cm. |
| 505 0# - NOTA DE CONTENIDO CON FORMATO | |
| Nota de contenido con formato | Geografía General : |
| Título | Lección 1 : cosmografía- el universo. <br/>Lección 2: la tierra.<br/>Lección 3: la tierra: elementos físicos.<br/>Lección 4: la aguas marinas.<br/>Lección 5: el relieve terrestre.<br/>Lección 6 : el clima.<br/>Lección 7 : tipos de clima y vegetación.<br/>Lección 8 : las aguas continentales.<br/>Lección 9: el hombre y el medio geografía.<br/>Lección 10: el hombre en los países cálidos.<br/>Lección 11: los hombres en los países secos.<br/>Lección 12: el hombre en los países templados y fríos.<br/>Lección 13: transformación de los productos. |
| 505 0# - NOTA DE CONTENIDO CON FORMATO | |
| Nota de contenido con formato | Geografía descriptiva : |
| Título | Lección 14: Europa.<br/>Lección 15: Europa Nórdica.<br/>Lección 16: Europa Occidental: caracteres.<br/>Lección 17: las islas británicas.<br/>Lección 18: el benelux.<br/>Lección 19: Francia.<br/>Lección 20: la Europa Mediterránea.<br/>Lección 21: Italia.<br/>Lección 22: la Península Ibérica.<br/>Lección 23: la Europa central.<br/>Lección 24: Europa central (continuación).<br/>Lección 25: Europa Danubiana.<br/>Lección 26: la U:R:S:S |
| 942 ## - ELEMENTOS DE PUNTO DE ACCESO ADICIONAL (KOHA) | |
| Fuente del sistema de clasificación o colocación | Dewey Decimal Classification |
| Tipo de ítem Koha | Libro |
| Estado de retiro | Estado de pérdida | Fuente del sistema de clasificación o colocación | No para préstamo | Código de colección | Localización permanente | Ubicación/localización actual | Ubicación en estantería | Fecha de adquisición | Total de préstamos | Signatura topográfica completa | Código de barras | Fecha visto por última vez | Precio válido a partir de | Tipo de ítem Koha |
|---|---|---|---|---|---|---|---|---|---|---|---|---|---|---|
| Dewey Decimal Classification | Patrimonio Dominicano | Biblioteca Nacional Pedro Henríquez Ureña | Patrimonio Dominicano | Depósito | 11.02.2021 | BNPHU-xx R231g | 2021-0152 | 11.02.2021 | 11.02.2021 | Libro y Folleto Colección Patrimonio Dominicano |
